000
00274nam a22001097a 4500
082
_a
020
100
_a
Goswmi, P R
_9
80105
245
_a
Corridor of Books ; Memories , Ideas and Reflectins
260
_a
Delhi
_b
Ane books
_c
2019
650
_a
Library Science
_9
57
942
_c
BK
999
_c
63580
_d
63580